Hacia el desarrollo local y descentralización en Centroamérica : primera Conferencia Centroamericana, El Salvador 2001 primera Conferencia Centroamericana, El Salvador 2001
ISBN:
9789992388990
Descripción Física:
341 p. ; 21 cm
MARC
| LEADER | 00000nam a2200000Ia 4500 | ||
|---|---|---|---|
| 001 | 24098 | ||
| 008 | 160829s2002 xx 000 0 cat d | ||
| 020 | |a 9789992388990 | ||
| 080 | |a Bib-154 | ||
| 245 | |a Hacia el desarrollo local y descentralización en Centroamérica : |b primera Conferencia Centroamericana, El Salvador 2001 | ||
| 260 | |a San Salvador : |b COMURES, |c 2002 | ||
| 300 | |a 341 p. ; |c 21 cm | ||
| 650 | |a Desenvolupament econòmic |x Amèrica Central |9 49867 | ||
| 650 | |a Municipis |x Govern i administració |x Amèrica Central |9 49868 | ||
| 710 | 1 | |a Barcelona (Catalunya). |b Ajuntament |9 50981 | |
| 710 | 1 | |a Barcelona (Catalunya : Província). |b Diputació |9 52408 | |
| 901 | |a Arxiu | ||
| 942 | |n 1 | ||
| 952 | |0 0 |1 0 |4 0 |6 BIB154 |7 1 |9 55645 |a Arxiu |b Arxiu |d 2016-12-01 |l 0 |o Bib-154 |p 24098 |r 2016-12-01 00:00:00 |w 2016-12-01 |y ARXIU | ||
| 999 | |c 59518 |d 59518 | ||